Normal view MARC view

Entry Topical Term

Number of records used in: 1

001 - CONTROL NUMBER

  • control field: 59613

003 - CONTROL NUMBER IDENTIFIER

  • control field: OSt

005 - DATE AND TIME OF LATEST TRANSACTION

  • control field: 20260225123656.0

008 - FIXED-LENGTH DATA ELEMENTS

  • fixed length control field: 260225|| aca||aabn | a|a d

040 ## - CATALOGING SOURCE

  • Original cataloging agency: OSt
  • Transcribing agency: OSt

150 ## - HEADING--TOPICAL TERM

  • Topical term or geographic name entry element: Global Value Chains (GVCs), Family Firms, Product Sophistication, Indian Manufacturing, International Trade, Innovation, Competitiveness, Emerging Markets, Industrial Policy

670 ## - SOURCE DATA FOUND

  • Source citation: Work cat.: (OSt)528265: Sahoo, Smruti, Ranjan Kumar, Dinesh and Arora, Kashika 59612, Does participation in the global value chain affect product sophistication of family firms: Evidence from the Indian manufacturing sector

Powered by Koha